| 000 | 00351cam a22001217a 4500 | ||
|---|---|---|---|
| 008 | 180718b xxu||||| |||| 00| 0 eng d | ||
| 082 | _aT19x729 D492 | ||
| 100 | _aLuke, Stephen | ||
| 245 |
_aDevelopment and welfare in the West Indies _cby Stephen Luke |
||
| 260 |
_a _bColonial Office _c |
||
| 500 | _aLibrary has 1954-1957 | ||
| 650 | _aEconomic Development | ||
| 999 |
_c388912 _d388912 |
||